00646nam a22001577a 4500020001600000082001000016100001600026245014400042260003700186300003100223650004400254700003500298942001300333999001900346952012300365 qHard Cover. a621.3 aRasul, Izza aState Feedback Control and state Estimation of Quadrotor UAV Through Liner Matrix Inequality and Convex Optimization Approach /cIzza Rasul aIslamabad :bCEME - NUST,c2016. axiv, 41 p. : ill. ;c30cm. aElectrical Engineering-MS-Thesis916073 aDr. Fahad Mumtaz Malik.917335 2ddccTHE c540567d540567 00102ddc406621_300000000000000709500290aCLbCLcTHEd2020-10-28l0o621.3pCL-T-303r2020-10-28w2020-10-28yTHE